| 000 | 00406nam a22001337a 4500 | ||
|---|---|---|---|
| 020 | _a0872633586 | ||
| 040 | _cNUST | ||
| 082 |
_a620.11 _bSTR'F |
||
| 100 |
_aStrong, Brent. A. Dr _9123009 |
||
| 245 | _aFundamentals Of Composites Manufacturing: Materials, Methods, and Applications | ||
| 260 |
_aMichigan: _bSME Drive, _c1989. |
||
| 650 |
_aA course In Fuzzy Systems and Control _9123008 |
||
| 942 |
_2ddc _cBK |
||
| 999 |
_c609349 _d609349 |
||